00494nam a2200169 a 450000500170000000800410001702000150005805000250007310000200009824500690011825000180018726000480020530000080025344000190026165000130028065000310029320140414132132.0130604s19uu xx 00 eng d a0328669180 aTR 372.4bF716 201_? aForesman, Scott aReader's & Wrtiter's Notebook : Reading Street Grade 1 Volume 1. aInternational aUnited States :bPearson Education,c201_?. a312 aReading Street aReading- aReading-study and teaching